Statistics for French-Speaking Countries with Exceptions

Click here to take the quiz!

General Stats

  • This quiz has been taken 587 times
  • The average score is 9 of 16

Answer Stats

%Country% Correct
14.8Germany
85%
16.4United Kingdom
83%
19.4Italy
82%
62.8Algeria
73%
35.1Morocco
72%
18.9Netherlands
72%
70.1Andorra
68%
52.1Tunisia
66%
12.9Austria
64%
25.1Portugal
61%
12.4Ireland
58%
13.3Mauritania
47%
37.9Lebanon
35%
13.1Malta
35%
15.3Guinea-Bissau
26%
20.2São Tomé and Príncipe
13%

Score Distribution

Percentile by Number Answered

Percent of People with Each Score

Your Score History

You have not taken this quiz